000 00601nam a2200205 4500
001 148617
003 ES-MaACL
005 20260210161953.0
007 t|
008 070214s1956 sp r ||||1| spa d
100 1 _aSuárez de Castro, Fernando.
_9108600
245 1 0 _aConservación de suelos /
_cFernando Suárez de Castro.
250 _a1ª. ed.
260 _aBarcelona :
_bSalvat,
_c1956.
300 _aXV, 298 p. :
_bil. ;
_c22 cm.
490 1 _aCol. agrícola Salvat
830 0 _aColección agrícola Salvat
_9181203
852 _aES-MaACL
_jC-11312
_bR.39387
999 _c148617
_d148617